| 000 | 00617nam a22001937a 4500 | ||
|---|---|---|---|
| 003 | OSt | ||
| 005 | 20251024055509.0 | ||
| 008 | 251024b |||||||| |||| 00| 0 eng d | ||
| 020 | _a971-834-056-4. | ||
| 040 |
_aDWCL-Main lib _cOC |
||
| 082 | _aCirc. 248.88 W556g 2001 | ||
| 100 | _aWhelchel, Mary | ||
| 245 |
_aGetting along with people at work : _ba guide to building better relationships on the job |
||
| 260 |
_aMichigan : _bVine Books, _cc2001. |
||
| 300 |
_a210 pages ; _c20 cm. |
||
| 650 | _21. Christian life-Biblical teaching. | ||
| 650 | _22. Employees-Religious life. | ||
| 942 |
_2ddc _cBK-CIRC _kCirc. _n0 |
||
| 999 |
_c5105 _d5105 |
||